Verbes irréguliers en Anglais : partie 1 - Statistiques

Statistiques générales
  • Ce quiz a été pris 168 fois
  • Le résultat moyen est 11 sur 15
Statistiques - réponses
Verbe Infinitif - Prétérit - Participe passé % Correct
Être Be Was Were Been
81%
Avoir Have Had Had
81%
Faire Do Did Done
77%
Aller Go went Gone
77%
Voir See Saw Seen
77%
Donner Give Gave Given
76%
Prendre Take Took Taken
75%
Boire Drink Drank Drunk
74%
Écrire Write Wrote Written
74%
Manger Eat Ate Eaten
73%
Trouver Find Found Found
72%
Venir Come Came Come
71%
Parler Speak Spoke Spoken
71%
Fabriquer Make Made Made
68%
Obtenir Get Got Got Gotten
6%
Aucun quiz correspondant
Distribution des résultats
% des personnes avec chaque résultat
Percentile par nombre de réponses
Votre historique - résultats
Vous n’avez pas pris ce quiz